|
000
|
01694oam2 22003011 450
|
|
001
|
0110210121
|
|
005
|
20241110210121.0
|
|
010
|
|
@a978-7-109-31584-6@dCNY118.00
|
|
100
|
|
@a20240408d2023 em y0chiy0121 ea
|
|
101
|
0
|
@achi
|
|
102
|
|
@aCN@b110000
|
|
105
|
|
@aak a 000yy
|
|
106
|
|
@ar
|
|
200
|
1
|
@a谱写新时代乡村振兴湖北篇章@Apu xie xin shi dai xiang cun zhen xing hu bei pian zhang@f华中农业大学乡村振兴研究院编著
|
|
210
|
|
@a北京@c中国农业出版社@d2023.12
|
|
215
|
|
@a334页@c图@d26cm
|
|
225
|
2
|
@a华中农业大学乡村振兴研究报告@Ahua zhong nong ye da xue xiang cun zhen xing yan jiu bao gao@h2023
|
|
314
|
|
@a书内题: 宋洪远主编
|
|
320
|
|
@a有书目 (第332-334页)
|
|
330
|
|
@a本书系统梳理了党的十九大以来湖北省和县两级政府及有关部门围绕实施乡村振兴战略出台的文件规划和政策措施, 描述了湖北省实施乡村振兴战略政策实践的演变过程, 总结了湖北省各地乡村振兴的主要做法和探索实践, 提出了湖北省全面推进乡村振兴的政策措施及其实施机制。主要内容包括: 基于县、乡、村三级和基于农户、新型经营主体的调查分析报告, 湖北省保障粮食和重要农产品供给政策实践、湖北省巩固拓展脱贫攻坚成果政策实践、湖北省农业和乡村产业发展政策实践、湖北省农业生态建设和人居环境治理政策实践、湖北省农村社会建设和乡村治理政策实践、湖北省人才科技和金融支持乡村振兴政策实践、湖北省农村改革和促进城乡融合发展政策实践等。
|
|
410
|
0
|
@12001@a华中农业大学乡村振兴研究报告@h2023
|
|
606
|
0
|
@a农村@Anong cun@x社会主义建设@x研究@y湖北
|
|
690
|
|
@aF327@v5
|
|
690
|
|
@aF327.63@v5
|
|
701
|
0
|
@a宋洪远@Asong hong yuan@4主编
|
|
712
|
02
|
@a华中农业大学@Ahua zhong nong ye da xue@b乡村振兴研究院@Bxiang cun zhen xing yan jiu yuan@4编著
|
|
801
|
0
|
@aCN@b人天书店@c20240408
|
|
905
|
|
@aCKNYKJZYXY@b300713880-1@dF327@e104@f2
|
|
|
|
|
| |
| 谱写新时代乡村振兴湖北篇章/华中农业大学乡村振兴研究院编著.-北京:中国农业出版社,2023.12 |
| 334页:图;26cm.-(华中农业大学乡村振兴研究报告.2023) |
| |
| |
| ISBN 978-7-109-31584-6:CNY118.00 |
| 本书系统梳理了党的十九大以来湖北省和县两级政府及有关部门围绕实施乡村振兴战略出台的文件规划和政策措施, 描述了湖北省实施乡村振兴战略政策实践的演变过程, 总结了湖北省各地乡村振兴的主要做法和探索实践, 提出了湖北省全面推进乡村振兴的政策措施及其实施机制。主要内容包括: 基于县、乡、村三级和基于农户、新型经营主体的调查分析报告, 湖北省保障粮食和重要农产品供给政策实践、湖北省巩固拓展脱贫攻坚成果政策实践、湖北省农业和乡村产业发展政策实践、湖北省农业生态建设和人居环境治理政策实践、湖北省农村社会建设和乡村治理政策实践、湖北省人才科技和金融支持乡村振兴政策实践、湖北省农村改革和促进城乡融合发展政策实践等。 |
| ● |
正题名:谱写新时代乡村振兴湖北篇章
索取号:F327/104
 
预约/预借
| 序号
|
登录号
|
条形码
|
馆藏地/架位号
|
状态
|
备注
|
|
1
|
713880
|
300713880
|
柳城-5楼/12架12列5层/
[索取号:F327/104]
|
在馆
|
|
|
2
|
713881
|
300713881
|
柳城-5楼/12架12列5层/
[索取号:F327/104]
|
在馆
|
|